Vous et votre banque / (Record no. 45700)

MARC details
000 -LEADER
campo de control de longitud fija 00496nam a2200181 4500
001 - NÚMERO DE CONTROL
campo de control 20133
005 - FECHA Y HORA DE LA ÚLTIMA TRANSACCIÓN
campo de control 20230410115652.0
008 - DATOS DE LONGITUD FIJA--INFORMACIÓN GENERAL
campo de control de longitud fija 060907n2004 dr spa
035 ## - NÚMERO DE CONTROL DEL SISTEMA
-- funglode20285
041 ## - CÓDIGO DE IDIOMA
Código de lengua del texto/banda sonora o título independiente FR
050 14 - SIGNATURA TOPOGRÁFICA DE LA BIBLIOTECA DEL CONGRESO
Número de clasificación HG 171 M273v 2004
100 ## - ENTRADA PRINCIPAL--NOMBRE DE PERSONA
Nombre de persona Mandroux, Gilles
245 1# - MENCIÓN DEL TÍTULO
Título Vous et votre banque /
Mención de responsabilidad, etc. Gilles Mandroux, Jean-Francois Tardiveau
260 ## - PUBLICACIÓN, DISTRIBUCIÓN, ETC.
Lugar de publicación, distribución, etc. Paris :
Nombre del editor, distribuidor, etc. Group Mieux Vivre,
Fecha de publicación, distribución, etc. 2004
300 ## - DESCRIPCIÓN FÍSICA
Extensión 217 p.
700 ## - ENTRADA AGREGADA--NOMBRE PERSONAL
Nombre de persona Tardiveau, Jean-Francois
942 ## - ELEMENTOS DE ENTRADA SECUNDARIOS (KOHA)
Fuente del sistema de clasificación o colocación Clasificación de Library of Congress
Tipo de ítem Koha
Holdings
Estatus retirado Estado de pérdida Fuente del sistema de clasificación o colocación Estado de daño No para préstamo Colección Biblioteca de origen Biblioteca actual Ubicación en estantería Fecha de adquisición Serial enumeration / chronology Signatura topográfica completa Código de barras Visto por última vez Tipo de ítem Koha
    Clasificación de Library of Congress     Ciencias Sociales Biblioteca Juan Bosch Biblioteca Juan Bosch Ciencias Sociales (3er. Piso) 24/10/2018 1 HG 171 M273v 2004 00000019183 24/10/2018